Statistics for Most expensive football transfers - 2013-2014

Click here to take the quiz!

General Stats

  • This quiz has been taken 25 times
  • The average score is 8 of 10

Answer Stats

Fee (M €)NationalityLeftJoinedPlayer% Correct
64,50UruguaySSC NapoliParis SGEdinson Cavani
100%
101,00WalesTottenhamReal MadridGareth Bale
100%
88,00BrazilSantosBarcelonaNeymar
100%
44,73SpainChelseaManchester UtdJuan Mata
86%
47,00GermanyReal MadridArsenalMesut Özil
81%
39,00ArgentinaReal MadridSSC NapoliGonzalo Higuain
76%
45,00ColombiaFC PortoMonacoJames Rodríguez
71%
43,00ColombiaAtlético MadridMonacoRadamel Falcao
71%
40,00BrazilShakhtar D.Manchester CityFernandinho
67%
37,00GermanyBorussia DortmundBayern MunichMario Götze
67%

Score Distribution

Percentile by Number Answered

Percent of People with Each Score

Your Score History

You have not taken this quiz